| 000 | 01110nam a2200277 i 4500 | ||
|---|---|---|---|
| 001 | 6413 | ||
| 003 | ES-MaACL | ||
| 005 | 20230906144925.0 | ||
| 007 | t| | ||
| 008 | 891120s1989 sp ||||1| spa d | ||
| 020 | _a84-7477-176-5 | ||
| 080 | _a551.432 | ||
| 080 | _a91(235 Everest) | ||
| 100 | 1 |
_aMartínez de Pisón, Eduardo. _978025 |
|
| 245 | 1 | 0 |
_aObservaciones geomorfologicas en la vertiente tibetana del Everest _b: expedicion española al Qomolangma, 1986 = Geomorphological observations on the Tibetan side of Everest : Spanish Qomolangma expedition 1986 / _cEduardo Martinez de Pison, Jeronimo Lopez, Pedro Nicolas. |
| 260 |
_aMadrid : _bUniversidad Autonoma, _cD.L. 1989. |
||
| 300 |
_a159 p. : _bil. col., map. pleg. ; _c24 cm. |
||
| 500 | _aEn portada aparece titulo paralelo en chino. | ||
| 500 | _aIndices. | ||
| 505 | 8 | _aresumen de la obra en ingles y chino | |
| 650 | 1 | 4 |
_aRelieve terrestre- _zEverest. _916796 |
| 650 | 1 | 4 |
_aGlaciares- _zEverest. _913123 |
| 700 | 1 |
_aLópez, Jerónimo. _973336 |
|
| 700 | 1 |
_aNicolas, Pedro. _985570 |
|
| 852 |
_aES-MaACL _jL-13628 _bR.117120 _z. - cart. |
||
| 999 |
_c6413 _d6413 |
||